Central Library OPAC University of Rajshahi

ভারতে শিক্ষার পুনর্গঠন : (Record no. 64153)

MARC details
000 -LEADER
fixed length control field 01758nam a2200277 a 4500
001 - CONTROL NUMBER
control field 64153
003 - CONTROL NUMBER IDENTIFIER
rucl marc code BD-RjUL
005 - DATE AND TIME OF LATEST TRANSACTION
control field 20211209081257.0
008 - FIXED-LENGTH DATA ELEMENTS--GENERAL INFORMATION
fixed length control field 170209s1963 ii 001 0 ben
020 ## - INTERNATIONAL STANDARD BOOK NUMBER
Terms of availability : IRs. 1.00
035 ## - SYSTEM CONTROL NUMBER
System control number (BD-RjUL)64283
040 ## - CATALOGING SOURCE
Original cataloging agency BD-RjUL
Transcribing agency BD-RjUL
Modifying agency BD-RjUL
Language of cataloging ben/eng
041 ## - LANGUAGE CODE
Language code of text/sound track or separate title ben
082 00 - DEWEY DECIMAL CLASSIFICATION NUMBER
Classification number 379.54
Edition number 23
Author mark and year HUB 1963
100 1# - MAIN ENTRY--PERSONAL NAME
Personal name হুসেন, জাকীর
9 (RLIN) 221241
245 10 - TITLE STATEMENT
Title ভারতে শিক্ষার পুনর্গঠন :
Remainder of title (আকাশবাণী কর্তৃক প্রচারিত প্যাটেল স্মৃতি বক্তৃতামালা) /
Statement of responsibility, etc. জাকীর হুসেন ; অনুবাদক: কৃষ্ণ ধর
260 ## - PUBLICATION, DISTRIBUTION, ETC. (IMPRINT)
Place of publication, distribution, etc. নয়াদিল্লী :
Name of publisher, distributor, etc. ণ্যাশনাল বুক ট্রাস্ট ইন্ডিয়া,
Date of publication, distribution, etc. ১৯৬৩
300 ## - PHYSICAL DESCRIPTION
Pagination [৪], ৬৪ পৃ. ;
Size ২২ সেমি.
490 ## - SERIES STATEMENT
Series statement প্যাটেল স্মৃতি বক্তৃতামালা ;
Volume/sequential designation ১৯৫৮
500 ## - GENERAL NOTE
General note "নয়াদিল্লীর বিজ্ঞানভবনে ১৯৫৮ সালের ১২, ১৩ এবং ১৪ ডিসেম্বর তারিখে প্রদত্ত সর্দার বল্লভভাই প্যাটেল স্মৃতি বক্তৃতামালা এবং পরে আকাশবাণী কর্তৃক প্রচারিত "
650 ## - SUBJECT ADDED ENTRY--TOPICAL TERM
Topical term or geographic name as entry element শিক্ষা
Geographic subdivision ভারত
9 (RLIN) 221243
Topical term or geographic name as entry element Education
Geographic subdivision India
9 (RLIN) 221244
700 ## - ADDED ENTRY--PERSONAL NAME
Personal name ধর, কৃষ্ণ, অনুবাদক
830 ## - SERIES ADDED ENTRY--UNIFORM TITLE
Uniform title প্যাটেল স্মৃতি বক্তৃতামালা ;
Volume number/sequential designation ১৯৫৮
942 ## - ADDED ENTRY ELEMENTS (KOHA)
Source of classification or shelving scheme Dewey Decimal Classification
Koha item type Rare Books
Holdings
Lost status Source of classification or shelving scheme Damaged status Not for loan Collection code Permanent Location Current Location Shelving location Date acquired Source of acquisition Cost, normal purchase price Total Checkouts Full call number Date last seen Copy number Koha item type
  Dewey Decimal Classification   Not For Loan Rare Books Central Library, University of Rajshahi Central Library, University of Rajshahi Rare Book Section 30/09/1981 India International, Calcutta 1.00   BRA 379.54 HUB 1963 24/04/2018 C-1 Rare Books